Nositel Nobelovy ceny za ekonomii pro rok 2017
Cena Švédskej národnej banky za rozvoj ekonomickej vedy na pamiatku Alfreda Nobela, bola pro rok 2017 udelená „za rozvoj behaviorálnej ekónomie“ americkému profesorovi Richardovi H. Thalerovi (*1945) z University of Chicago. Stručný pohľad na jeho vedeckú činnosť.
Na minha lista:
| Autor principal: | |
|---|---|
| Outros Autores: | |
| Formato: | Capítulo de Livro |
| Idioma: | tcheco |
| Assuntos: | |
| Tags: |
Sem tags, seja o primeiro a adicionar uma tag!
|
MARC
| LEADER | 00000naa a2200000 4500 | ||
|---|---|---|---|
| 001 | 0248724 | ||
| 005 | 20181108085453.1 | ||
| 041 | 0 | |a cze | |
| 044 | |a CZ | ||
| 245 | 1 | 0 | |a Nositel Nobelovy ceny za ekonomii pro rok 2017 |c Zdeněk Chytil, Arnošt Klesla |
| 520 | |a Cena Švédskej národnej banky za rozvoj ekonomickej vedy na pamiatku Alfreda Nobela, bola pro rok 2017 udelená „za rozvoj behaviorálnej ekónomie“ americkému profesorovi Richardovi H. Thalerovi (*1945) z University of Chicago. Stručný pohľad na jeho vedeckú činnosť. | ||
| 610 | 2 | 0 | |a Nobelova cena |
| 610 | 2 | 0 | |a veda ekonomická |
| 610 | 2 | 0 | |a ekonómia behaviorálna |
| 610 | 2 | 0 | |a Thaler Richard |
| 100 | 1 | |a Chytil, Zdeněk | |
| 700 | 1 | |a Klesla, Arnošt | |